000 00381nam a2200133Ia 4500
005 20260328101527.0
008 260328s9999||||xx |||||||||||||| ||und||
100 _aMarin de L' Hotellerie, Jose Luis
245 0 _aIntroducción al Dibujo Técnico Arquitectónico /
_cJose Luis Marin de L' Hotellerie
260 _bTrillas
300 _a208 p.
650 _aARQUITECTURA
942 _cBK
999 _c9847
_d9847